| 000 -LEADER |
| fixed length control field |
00374nam a22001457a 4500 |
| 003 - CONTROL NUMBER IDENTIFIER |
| control field |
OSt |
| 005 - DATE AND TIME OF LATEST TRANSACTION |
| control field |
20200804172105.0 |
| 008 - FIXED-LENGTH DATA ELEMENTS--GENERAL INFORMATION |
| fixed length control field |
200804b ||||| |||| 00| 0 eng d |
| 020 ## - INTERNATIONAL STANDARD BOOK NUMBER |
| International Standard Book Number |
9781111831417 |
| 082 ## - DEWEY DECIMAL CLASSIFICATION NUMBER |
| Classification number |
930.1 |
| Item number |
THO |
| 100 ## - MAIN ENTRY--PERSONAL NAME |
| Personal name |
Thomas, David Hurst; Thomas, David Hurst; Kelly, Robert L. |
| 245 ## - TITLE STATEMENT |
| Title |
Archaeology |
| 250 ## - EDITION STATEMENT |
| Edition statement |
International 6th edition |
| 942 ## - ADDED ENTRY ELEMENTS (KOHA) |
| Source of classification or shelving scheme |
|